Análisis descriptivo de la comercialización del banano para exportación, en Guatemala /
Algunas características del proceso de comercialización del banano, en Guatemala. Describe el origen del cultivo en el país con relación a la UFCO, la principales regiones bananeras, y los mercados internacionales del producto. Ofrece datos referentes a exportación mundial de banano y precios, y rea...
保存先:
| 第一著者: | |
|---|---|
| フォーマット: | 学位論文 |
| 出版事項: |
Guatemala:
Universidad de San Carlos
|
| 主題: | |
| タグ: |
タグ追加
タグなし, このレコードへの初めてのタグを付けませんか!
|
MARC
| LEADER | 00000 a a2200000 04500 | ||
|---|---|---|---|
| 001 | 19860 | ||
| 003 | |||
| 040 | |a CRAI/IIS |c CRAI/IIS | ||
| 090 | |a 08052.00 | ||
| 100 | |a Arteaga Toledo, Otto | ||
| 245 | |a Análisis descriptivo de la comercialización del banano para exportación, en Guatemala / |c Otto Arteaga Toledo | ||
| 260 | |a Guatemala: |b Universidad de San Carlos | ||
| 300 | |a 40 páginas | ||
| 502 | |a Tesis (Licenciado en Ciencias Agrícolas) -- Universidad de San Carlos. Facultad de Agronomía, 1969 | ||
| 520 | |a Algunas características del proceso de comercialización del banano, en Guatemala. Describe el origen del cultivo en el país con relación a la UFCO, la principales regiones bananeras, y los mercados internacionales del producto. Ofrece datos referentes a exportación mundial de banano y precios, y realiza estimaciones de su demanda a 1975. Estudia el proceso del transporte y el mercadeo, y las perspectivas de los nuevos mercados./ACM | ||
| 650 | |a GUATEMALA | ||
| 650 | |a TRANSPORTE | ||
| 650 | |a EXPORTACIONES | ||
| 650 | |a MERCADEO | ||
| 650 | |a BANANOS | ||
| 999 | |c 17986 |d 17986 | ||
